Applied Mineralogy: a quantitative approach

-д хадгалсан:
Номзүйн дэлгэрэнгүй
Үндсэн зохиолч: Jones, Meurig P (Зохиогч)
Формат: Ном
Хэл сонгох:англи
Хэвлэсэн: Londres Graham and Trotman 1987
Хэвлэл:1a. ed
Нөхцлүүд:
Шошгууд: Шошго нэмэх
Шошго байхгүй, Энэхүү баримтыг шошголох эхний хүн болох!

MARC

LEADER 00000cam a2200000 a 4500
001 UCE9580
003 CL-VaPUC
008 151029e19870000uk |||||||||||||||||eng|d
020 |a 0860105105 
082 0 4 |a 549.1  |b JON  |2 21 
100 0 |a Jones, Meurig P  |e author  |9 582459 
245 1 0 |a Applied Mineralogy: a quantitative approach 
250 |a 1a. ed 
300 |a 259 p 
942 |c BK 
945 |d 20151029 22:28:00  |a dcastane 
260 |a Londres  |b Graham and Trotman  |c 1987 
650 7 |a MINEROLOGIA  |2 CL-VaPUC  |9 529342 
650 0 |a Minerales   |9 264051 
583 |a last modification  |c 20151029 22:28:00  |k Rodrigo Vera 
999 |c 361244  |d 361242 
952 |0 0  |1 0  |2 ddc  |3 erd  |4 0  |6 549_100000000000000_JON_1987  |7 0  |8 A  |9 471644  |a BIBING  |b BIBING  |c RES  |i 5246164  |o 549.1 JON 1987  |p 5246164  |r 2023-03-02  |w 2019-11-24  |y BK  |z Catalogado en:20151029  |k EIQ 
952 |0 0  |1 0  |2 ddc  |3 erd  |4 0  |6 549_100000000000000_JON_1987  |7 0  |8 A  |9 471645  |a BIBING  |b BIBING  |c RES  |i 5246156  |o 549.1 JON 1987  |p 5246156  |r 2025-01-20  |w 2019-11-24  |y BK  |z Catalogado en:20151029  |k EIQ